000 00454nam a2200169Ia 4500
003 GCL
008 140319s9999 xx 000 0 eng d
040 _aGCL /
_cGCL
082 0 4 _a621.395
_bL E
100 1 _aLEWIS, HARRY
245 1 0 _aELEMENTS OF THE THEORY OF COMPUTATION /
_cLEWIS, HARRY
260 _a[S.N] :
_bPRENTICE- HELL INTERNATIONAL, INC. ،
_c1981
300 _a466 P
650 0 4 _aELECTRONICS
650 0 4 _aCOMPUTATION
942 _2ddc
_cBK
999 _c24779
_d24779